Guess the U.S. President Based On A Weird Fact - Statistics

General Stats
  • This quiz has been taken 41 times
  • The average score is 6 of 21
Answer Stats
Hint Answer % Correct
Has two Grammys Bill Clinton
80%
Only bachelor President James Buchanan
71%
Got shot before he was about to give a speech, gave the speech anyway Theodore Roosevelt
71%
Beat up his would-be assassin with his own cane Andrew Jackson
60%
He was his highschool's head cheerleader George W. Bush
40%
His real name was Leslie Lynch King, Jr. Gerald Ford
40%
Appeared in a publication of Playboy Magazine Jimmy Carter
34%
He received a small loan of $1 million on his 21st birthday John F. Kennedy
31%
He handed out whiskey in bottles shaped like log cabins during his campaign William Henry Harrison
29%
Had a person rub Vaseline on his head every morning during breakfast Calvin Coolidge
23%
Invented the swivel chair Thomas Jefferson
23%
Ironically couldn't stand the sight of blood Ulysses S. Grant
23%
He was ambidextrous and could write in Greek with one hand and in Latin with the other James Garfield
20%
Was allegedly arrested for running over an old lady with his horse Franklin Pierce
14%
His nickname was "The Last Cocked Hat." James Monroe
14%
Part of his jaw was made of vulcanized rubber Grover Cleveland
11%
Made all of his own suits as President Andrew Johnson
9%
Made his dog an honorary Army Private Franklin Roosevelt
9%
Married his own Schoolteacher Millard Fillmore
6%
Always wore carnations as a good luck charm William McKinley
6%
Allegedly had his staff hide in closets if he entered the room Herbert Hoover
3%
No matching quizzes found
Score Distribution
Percent of People with Each Score
Percentile by Number Answered
Your Score History
You have not taken this quiz